EU Member by Letter Quiz Stats

 Plays Quiz Updated Feb 13, 2019

Score 0/16 Timer 01:00
6 Plays Today
Letter Country % Correct
F???
92.2%
D???
90.2%
G???
88.3%
B???
83.2%
C???
79.5%
E???
78%
L???
74.6%
H???
74.2%
Letter Country % Correct
I???
68.6%
P???
63%
A???
55%
S???
51.2%
U???
47.5%
N???
39.3%
R???
36.5%
M???
33%

You're not logged in!

Compare scores with friends on all Sporcle quizzes.
OR
Log In

You Might Also Like...

Show Comments

Extras

Top Quizzes Today


Score Distribution

Your Account Isn't Verified!

In order to create a playlist on Sporcle, you need to verify the email address you used during registration. Go to your Sporcle Settings to finish the process.

Report this User

Report this user for behavior that violates our Community Guidelines.

Details: